mexican cities you must know - Statistics

General Stats
  • This quiz has been taken 23 times
  • The average score is 10 of 16
Answer Stats
Hint Initials Answer % Correct
Capital MC Mexico City
100%
Birthplace of mariachi music GDJ Guadalajara
95%
Known for traditional food and crafts OAX Oaxaca de Juárez
95%
Close to a major us City TJ Tijuana
91%
3rd biggest metro population MTY Monterrey
86%
beaches and resorts CUN Cancún
82%
lay on the border of Texas CDJ Ciudad Juárez
82%
Hub for cliffdivers ACA Acapulco
73%
Strong Mayan cultural influence MID Merida
64%
Famous for leather production LEO Leon
59%
Capital of Sinaloa CR Culiacán Rosales
45%
Known for colorful houses and tunnels GTO Guanajuato
45%
Important colonial-era city QRO Querétaro
41%
City with an important basilica near City nr. 2 ZAP Zapopan
41%
Capital of the largest Mexican state CUU Chihuahua City
14%
UNESCO world heritage city SMA San Miguel de Allende
14%
No matching quizzes found
Score Distribution
Percent of People with Each Score
Percentile by Number Answered
Your Score History
You have not taken this quiz